LEADER 01163nam2 22002771i 450 001 UON00426583 005 20231205104849.674 100 $a20130611d1952 |0itac50 ba 101 $afre 102 $aFR 105 $a|||| 1|||| 200 1 $aˆ1: ‰Textes$fBlaise Pascal$gintroductions de Louis Lafuma 210 $aParis$ceditions du Luxenbourg$d1951 215 $a556 p., [1] c. di tav.$d23 cm. 461 1$1001UON00426582$12001 $aPensées sur la religion et sur quelques autres sujets$fBlaise Pascal$1210 $aParis$ceditions du Luxenbourg$d1952$1215 $a3 v.$d23 cm.$v1 620 $aFR$dParis$3UONL002984 676 $a199.49$cFilosofia occidentale. Europa.$v21 700 1$aPASCAL$bBlaise$3UONV113380$028760 702 1$aLAFUMA$bLouis$3UONV216560 712 $aEditions du Luxembourg$3UONV280550$4650 801 $aIT$bSOL$c20240220$gRICA 899 $aSIBA - SISTEMA BIBLIOTECARIO DI ATENEO$2UONSI 912 $aUON00426583 950 $aSIBA - SISTEMA BIBLIOTECARIO DI ATENEO$dSI Francese III A PAS 05 $eSI SFR2795 5 05 $sBuono 996 $aTextes$91184861 997 $aUNIOR LEADER 04319nam0 2200697 i 450 001 VAN0113915 005 20230705122309.562 017 70$2N$a9783319273303 100 $a20180123d2015 |0itac50 ba 101 $aeng 102 $aCH 105 $a|||| ||||| 200 1 $aImaging convection and magnetism in the sun$fShravan Hanasoge 210 $a[Cham]$cSpringer$d2015 215 $aXVII, 131 p.$cill.$d24 cm 410 1$1001VAN0102596$12001 $aSpringerBriefs in mathematics$1210 $aBerlin [etc.]$cSpringer 500 1$3VAN0235061$aImaging convection and magnetism in the sun$91522842 606 $a15A09$xTheory of matrix inversion and generalized inverses [MSC 2020]$3VANC021626$2MF 606 $a35R30$xInverse problems for PDEs [MSC 2020]$3VANC021918$2MF 606 $a86A22$xInverse problems in geophysics [MSC 2020]$3VANC022119$2MF 606 $a47B25$xLinear symmetric and selfadjoint operators (unbounded) [MSC 2020]$3VANC022258$2MF 606 $a35L05$xWave equation [MSC 2020]$3VANC022720$2MF 606 $a35B27$xHomogenization in context of PDEs ; PDEs in media with periodic structure [MSC 2020]$3VANC022879$2MF 606 $a35L20$xInitial-boundary value problems for second-order hyperbolic equations [MSC 2020]$3VANC022920$2MF 606 $a35Q35$xPDEs in connection with fluid mechanics [MSC 2020]$3VANC022935$2MF 606 $a65N06$xFinite difference methods for boundary value problems involving PDEs [MSC 2020]$3VANC023044$2MF 606 $a65N12$xStability and convergence of numerical methods for boundary value problems involving PDEs [MSC 2020]$3VANC023049$2MF 606 $a35L15$xInitial value problems for second-order hyperbolic equations [MSC 2020]$3VANC023050$2MF 606 $a65N22$xNumerical solution of discretized equations for boundary value problems involving PDEs [MSC 2020]$3VANC023056$2MF 606 $a35L10$xSecond-order hyperbolic equations [MSC 2020]$3VANC023376$2MF 606 $a76Wxx$xMagnetohydrodynamics and electrohydrodynamics [MSC 2020]$3VANC023463$2MF 606 $a76R10$xFree convection [MSC 2020]$3VANC023482$2MF 606 $a35Q93$xPDEs in connection with control and optimization [MSC 2020]$3VANC024723$2MF 606 $a47A05$xGeneral (adjoints, conjugates, products, inverses, domains, ranges, etc.) [MSC 2020]$3VANC028923$2MF 606 $a65N21$xNumerical methods for inverse problems for boundary value problems involving PDEs [MSC 2020]$3VANC029363$2MF 606 $a15A29$xInverse problems in linear algebra [MSC 2020]$3VANC029366$2MF 606 $a78M22$xSpectral, collocation and related methods applied to problems in optics and electromagnetic theory [MSC 2020]$3VANC031198$2MF 606 $a65N80$xFundamental solutions, Green's function methods, etc. for boundary value problems involving PDEs [MSC 2020]$3VANC033770$2MF 606 $a85A30$xHydrodynamic and hydromagnetic problems in astronomy and astrophysics [MSC 2020]$3VANC033771$2MF 606 $a78M20$xFinite difference methods applied to problems in optics and electromagnetic theory [MSC 2020]$3VANC033772$2MF 606 $a35Q31$xEuler equations [MSC 2020]$3VANC033773$2MF 606 $a86A15$xSeismology (including tsunami modeling), earthquakes [MSC 2020]$3VANC035669$2MF 610 $aConstrained optimization$9KW:K 610 $aFluid- and aerodynamics$9KW:K 610 $aHelioseismology$9KW:K 610 $aHomogenization$9KW:K 610 $aInverse Problems$9KW:K 610 $aMagnetohydrodynamics$9KW:K 610 $aNumerical methods$9KW:K 610 $aWave propagation in random media$9KW:K 620 $aCH$dCham$3VANL001889 700 1$aHanasoge$bShravan$3VANV088004$0755691 712 $aSpringer $3VANV108073$4650 801 $aIT$bSOL$c20240614$gRICA 856 4 $uhttp://dx.doi.org/10.1007/978-3-319-27330-3$zE-book ? Accesso al full-text attraverso riconoscimento IP di Ateneo, proxy e/o Shibboleth 899 $aBIBLIOTECA DEL DIPARTIMENTO DI MATEMATICA E FISICA$1IT-CE0120$2VAN08 912 $fN 912 $aVAN0113915 950 $aBIBLIOTECA DEL DIPARTIMENTO DI MATEMATICA E FISICA$d08CONS e-book 0247 $e08eMF247 20180123 996 $aImaging convection and magnetism in the sun$91522842 997 $aUNICAMPANIA